000 01658nam0a2200361 4500
001 RU\NLR\bibl\1361953
005 20250615183912.0
010 _a5-94625-072-8
_93000
021 _aRU
_b2009-15986
_9945
035 _a(NLR Aleph) 001354123
090 _a939713
_c939713
100 _a20090311d2009 |||y0rusy50 ca
101 0 _arus
102 _aRU
105 _aa |||||||||
200 1 _aПоследование во Святую и Великую неделю Пасхи и во всю Светлую седмицу
_e[сборник
_fред. П.В. Уржумцев и др.
_gсост. коммент. П.М. Иванов]
210 _aМосква
_cИздательский Совет Русской Православной Церкви
_d2009
215 _a174, [1] с.
_cил.
_d17
300 _aЗагл. обл.: Пасха
320 _aБиблиогр.: с. 173-174
327 1 _aСодерж.: Последование во Святую и Великую неделю Пасхи и во всю Светлую седмицу; О службе дня Светлой Пасхи и всей Светлой седмицы
512 1 _aПасха
606 1 _aПасха христианская, праздник
_xБогослужение православное
_92533793
_3RU\NLR\AUTH\661500670
686 _aЭ372.24-503.181.12
702 1 _aУржумцев
_bП. В.
_4340
801 0 _aRU
_bРГБ
_c20090311
_grcr
801 1 _aRU
_bРГБ
_c20090311
801 2 _aRU
_bNLR
_c20090427
_grcr
942 _cBOOK
980 _aNB